Hoja Isla Hoste e islas adyacentes, XII región
Salvato in:
| Autori principali: | , , |
|---|---|
| Natura: | Libro |
| Lingua: | spagnolo |
| Pubblicazione: |
Santiago
Servicio Nacional de Geología y Minería
1985
|
| Serie: | Carta Geológica de Chile, 65
|
| Soggetti: | |
| Tags: |
Aggiungi Tag
Nessun Tag, puoi essere il primo ad aggiungerne!!
|
MARC
| LEADER | 00000nam a2200000 a 4500 | ||
|---|---|---|---|
| 001 | UCK1464 | ||
| 003 | CL-VaPUC | ||
| 008 | 041112e19850000CL |||||||||||||||||spa|d | ||
| 082 | 0 | 4 | |a 558.3 |b SUA |2 21 |
| 100 | 0 | |a Suárez D., Manuel |e author |9 489343 | |
| 700 | |a Hervé A., Miguel |e author |9 489344 | ||
| 700 | 0 | |a Puig G., A |e author |9 489345 | |
| 245 | 1 | 0 | |a Hoja Isla Hoste e islas adyacentes, XII región |
| 300 | |a 113 p | ||
| 942 | |c BK | ||
| 945 | |d 20041112 00:00:00 |a cmena | ||
| 260 | |a Santiago |b Servicio Nacional de Geología y Minería |c 1985 | ||
| 500 | |a Escala: 1:250.000 | ||
| 500 | |a Incluye 1 mapa | ||
| 650 | 7 | |a MAPAS GEOLOGICOS |2 CL-VaPUC |9 362393 | |
| 650 | 0 | |a Recursos naturales |9 255232 | |
| 650 | 7 | |a RECURSOS MINERALES |2 CL-VaPUC |9 351120 | |
| 651 | 7 | |a REGION 12 |2 CL-VaPUC |9 445889 | |
| 583 | |a last modification |c 20041112 00:00:00 |k Rodrigo Vera | ||
| 490 | 0 | |a Carta Geológica de Chile, 65 | |
| 999 | |c 311433 |d 311431 | ||
| 952 | |0 0 |1 0 |4 0 |6 558_300000000000000_SUA_1985 |7 0 |8 F |9 380816 |a BIBING |b BIBING |d 2019-11-21 |i 4040619 |o 558.3 SUA 1985 |p 4040619 |r 2025-01-20 |w 2019-11-21 |y BK_F |k GEO | ||